|
|
|
|
| LEADER |
00923nam a2200241 a 4500 |
| 001 |
636867 |
| 008 |
091112s1994 enka b 001 0 eng d |
| 010 |
|
|
|a 93045688
|
| 020 |
|
|
|a 0415108683
|
| 020 |
|
|
|a 0415108691 (pbk)
|
| 040 |
|
|
|a DLC
|c DLC
|d DLC
|
| 082 |
0 |
0 |
|a 338.09
|2 20
|
| 245 |
0 |
0 |
|a Was the Industrial Revolution necessary? /
|c edited by Graeme Donald Snooks.
|
| 260 |
|
|
|a London ;
|a New York :
|b Routledge,
|c 1994.
|
| 300 |
|
|
|a xi, 157 p. :
|b ill. ;
|c 23 cm.
|
| 504 |
|
|
|a Includes bibliographical references (p. 138-149) and index.
|
| 541 |
1 |
|
|e 00012438
|
| 650 |
|
0 |
|a Industrial revolution.
|
| 700 |
1 |
|
|a Snooks, G. D.
|q (Graeme Donald)
|
| 852 |
4 |
|
|a Ayesha Abed Library
|j General Shelf
|
| 942 |
0 |
0 |
|0 1
|
| 999 |
|
|
|c 8070
|d 8070
|
| 952 |
|
|
|0 0
|1 0
|2 ddc
|4 0
|6 338_090000000000000_WAS
|7 0
|9 9178
|a BRACUL
|b BRACUL
|c GEN
|d 2010-04-12
|l 2
|m 30
|o 338.09 WAS
|p 3010012438
|r 2024-08-31
|s 2024-06-23
|t 1
|w 2010-04-12
|y BK
|x Price not available in Register
|